[Event "Muensterland Verbandsklasse-A 1213"]
[Site "Germany"]
[Date "2013.02.16"]
[Round "6.8"]
[White "Lysyy, Volodymyr"]
[Black "Nuerenberg, Bernd"]
[Result "1/2-1/2"]
[WhiteElo "1607"]
[BlackElo "1631"]
[PlyCount "94"]
[EventDate "2012.09.15"]
[EventType "team-tourn"]
[EventRounds "9"]
[EventCountry "GER"]
[SourceTitle "EXT 2015"]
[Source "ChessBase"]
[SourceDate "2014.11.20"]
[SourceVersion "1"]
[SourceVersionDate "2014.11.20"]
[SourceQuality "1"]
[WhiteTeam "Muenster SK IV"]
[BlackTeam "Nienberge II"]
[WhiteTeamCountry "GER"]
[BlackTeamCountry "GER"]

1. e4 c5 2. Nf3 Nc6 3. d4 cxd4 4. Nxd4 g6 5. Nc3 Bg7 6. Nb3 Nf6 7. Be2 0-0 8. Be3 d6 9. h3 Be6 10. f4 Na5 11. Nxa5 Qxa5 12. Qd2 Rac8 13. Bd3 Nd7 14. Nd1 Qxd2+ 15. Bxd2 Bc4 16. Bc3 Bxd3 17. cxd3 a6 18. Bxg7 Kxg7 19. Nc3 e6 20. 0-0 b5 21. a3 Rc7 22. Rac1 Rfc8 23. Rcd1 Nb6 24. Rf2 h5 25. f5 exf5 26. exf5 gxf5 27. Rxf5 Rc5 28. Rf3 f5 29. d4 Rd5 30. Nxd5 Nxd5 31. Rdf1 f4 32. R1f2 h4 33. Rxf4 Nxf4 34. Rxf4 Rh8 35. d5 Rh5 36. Rd4 Kf6 37. Kf2 Re5 38. Kf3 Kg5 39. Rd3 Kf5 40. g3 hxg3 41. Kxg3 Ke4 42. Rd1 Rg5+ 43. Kf2 Rh5 44. Kg2 Rg5+ 45. Kh2 Rh5 46. Rd2 Ke3 47. Rd1 Ke4 1/2-1/2